ha-Em ha-poshaʻat; (Record no. 33406)

MARC details
000 -LEADER
fixed length control field 00609cam a22002171 4500
001 - CONTROL NUMBER
control field he 68001830
003 - CONTROL NUMBER IDENTIFIER
control field DLC
005 - DATE AND TIME OF LATEST TRANSACTION
control field 20260227111459.0
008 - FIXED-LENGTH DATA ELEMENTS--GENERAL INFORMATION
fixed length control field 890109s1963 is 000 0 hebr
010 ## - LIBRARY OF CONGRESS CONTROL NUMBER
LC control number he 68001830
035 ## - SYSTEM CONTROL NUMBER
System control number (OCoLC)18995785
040 ## - CATALOGING SOURCE
Original cataloging agency DLC
Transcribing agency TxU
Modifying agency TxU
-- DLC
042 ## - AUTHENTICATION CODE
Authentication code premarc
050 00 - LIBRARY OF CONGRESS CALL NUMBER
Classification number PJ5054.P6
Item number E4
100 1# - MAIN ENTRY--PERSONAL NAME
Personal name Posner, Jacob,
Dates associated with a name 1902-
245 13 - TITLE STATEMENT
Title ha-Em ha-poshaʻat;
Remainder of title poʼemah
Statement of responsibility, etc. [me-et] Yaʻakov Pozner.
260 ## - PUBLICATION, DISTRIBUTION, ETC.
Place of publication, distribution, etc. Ramat-Gan,
Date of publication, distribution, etc. 724 [1963 or 4]
300 ## - PHYSICAL DESCRIPTION
Extent 72 p.
Dimensions 19 cm.
500 ## - GENERAL NOTE
General note Cover title: ha-Em ha-poshaʻat veha-av ha-meʼushar.
500 ## - GENERAL NOTE
General note Vocalized.

No items available.

Powered by Koha